| 000 | 00759nam a2200181Ia 4500 | ||
|---|---|---|---|
| 008 | 100920s9999 xx 000 0 und d | ||
| 082 |
_b40081 _a28 व 51 थ 61 |
||
| 100 | _aघोरपडे रा.शं/ गोंधळेकर वि.न. | ||
| 245 | _aनेहरूंच्या शब्दांत नेहरू. | ||
| 260 |
_bचित्रशाळा प्रकाशन,पुणे2. _c1961 |
||
| 300 |
_a92 _bसाधी |
||
| 365 | _b0.82 | ||
| 520 | _aबा. वि चरित्र. | ||
| 630 | _aनेहरूंच्या शब्दांत नेहरू. | ||
| 650 | _aबा. वि चरित्र. | ||
| 730 | _aनेहरूंच्या शब्दांत नेहरू. | ||
| 942 | _cBOOK | ||
| 999 |
_c691301 _d691298 |
||